| 000 | 00562nam a22001817a 4500 | ||
|---|---|---|---|
| 999 |
_c172717 _d172717 |
||
| 005 | 20200211165543.0 | ||
| 010 | _aENG-127693 | ||
| 020 | _c40.00 | ||
| 035 | _aEN-111225 | ||
| 037 | _bDBAD/PUB | ||
| 082 | _a540 | ||
| 100 | _aN.Madhu | ||
| 245 |
_aChemistry Formulae; _bFor High School,College Students and also useful for Competitive Examinations |
||
| 260 |
_aVijayawada _c2018 _bNavaratna Book House |
||
| 270 |
_a28-22-20,Rehman Street, _aAurandelpet, Vijayawada _e520002 |
||
| 300 |
_a76p. _b21.5cm(pbk) |
||
| 942 |
_2ddc _cEN _h540 _mNMA |
||